| 000 | 00000nam 2200000zi 4500 |
| 001 | 9.877050 |
| 003 | CaOODSP |
| 005 | 20221107164853 |
| 006 | m o d f |
| 007 | cr bn||||||||| |
| 008 | 190726t19811981oncd #ob f000 0 fre d |
| 040 | |aCaOODSP|bfre|erda|cCaOODSP |
| 041 | |afre|beng |
| 043 | |an-cn--- |
| 086 | 1 |aEn36-508/68F-PDF |
| 100 | 1 |aCheam, V., |eauteur. |
| 245 | 10|aÉtude inter-laboratoires de contrôle de la qualité n° 26 : |bdosage de l’arsenic et du sélénium dans l’eau / |cV. Cheam et K.I. Aspila. |
| 264 | 1|aBurlington, Ontario : |bEnvironnement Canada = Environment Canada, |c1981. |
| 264 | 4|c©1981 |
| 300 | |a1 ressource en ligne (vii, 14 pages) : |bgraphiques. |
| 336 | |atexte|btxt|2rdacontent/fre |
| 337 | |ainformatique|bc|2rdamedia/fre |
| 338 | |aressource en ligne|bcr|2rdacarrier/fre |
| 490 | 1 |aSérie des rapports généraux ; |vn° 68 |
| 500 | |aPublié aussi en anglais sous le titre : Interlaboratory quality control study no. 26 : arsenic and selenium in water. |
| 500 | |aÉdition numérisée de l'imprimé [par Environnement et changement climatique Canada]. |
| 500 | |aPubl. par la Direction générale des eaux intérieures, Région de l'Ontario, Direction de la qualité des eaux. |
| 504 | |aComprend des références bibliographiques (page 12-13). |
| 520 | 3 |a« On a comparé dans trente laboratoires canadiens les méthodes de dosage de l'arsenic et du sélénium dans l'eau » -- Résumé, page v. |
| 546 | |aComprend un résumé en anglais. |
| 653 | 0|aArsenic |
| 653 | 0|aSélénium |
| 692 | 07|2gccst|aQualité de l'eau |
| 700 | 1 |aAspila, K. I., |eauteur. |
| 710 | 1 |aCanada. |bEnvironnement Canada. |
| 710 | 1 |aCanada. |bDirection générale des eaux intérieures. |bDirection de la qualité des eaux. |
| 775 | 08|tInterlaboratory quality control study no. 26 : |w(CaOODSP)9.879273 |
| 830 | #0|aSérie des rapports généraux (Canada. Direction générale des eaux intérieures)|vn° 68.|w(CaOODSP)9.862424 |
| 856 | 40|qPDF|s965 Ko|uhttps://publications.gc.ca/collections/collection_2019/eccc/En36-508-68-fra.pdf |